|
|
|
|
| LEADER |
00000nam a2200000 i 4500 |
| 001 |
ELB213622 |
| 003 |
FINmELB |
| 005 |
20220706121057.0 |
| 006 |
m o u |
| 007 |
cr cn||||||||| |
| 008 |
220629s2014 ag ob 000 0 spa d |
| 020 |
|
|
|z 9798671349238
|
| 035 |
|
|
|a (OCoLC)1336972047
|
| 040 |
|
|
|a FINmELB
|b spa
|e rda
|c FINmELB
|
| 050 |
|
4 |
|a BS680.A48
|b G763 2014
|
| 080 |
|
|
|a 26-167.2
|
| 082 |
0 |
4 |
|a 291.4
|2 23
|
| 100 |
1 |
|
|a Grün, Anselm,
|e autor.
|
| 240 |
1 |
0 |
|a Jeder Mensch hat einen Engel.
|l Español
|
| 245 |
1 |
0 |
|a Todos tenemos un ángel /
|c Anselm Grün ; traducción: Natalia Carusso.
|
| 250 |
|
|
|a Décimo octava edición.
|
| 264 |
|
1 |
|a Buenos Aires :
|b Bomun,
|c 2014.
|
| 300 |
|
|
|a 1 recurso en línea (153 páginas)
|
| 336 |
|
|
|a texto
|b txt
|2 rdacontent/spa
|
| 337 |
|
|
|a computadora
|b c
|2 rdamedia/spa
|
| 338 |
|
|
|a recurso en línea
|b cr
|2 rdacarrier/spa
|
| 490 |
1 |
|
|a Itinerarios
|
| 500 |
|
|
|a Título original: Jeder Mensch hat einen Engel.
|
| 504 |
|
|
|a Incluye bibliografía.
|
| 588 |
|
|
|a Descripción basada en metadatos suministrados por el editor y otras fuentes.
|
| 590 |
|
|
|a Recurso electrónico. Santa Fe, Arg.: elibro, 2022. Disponible vía World Wide Web. El acceso puede estar limitado para las bibliotecas afiliadas a elibro.
|
| 650 |
|
4 |
|a Ángeles
|x Enseñanza bíblica.
|
| 650 |
|
0 |
|a Angels
|x Biblical teaching.
|
| 655 |
|
4 |
|a Libros electrónicos.
|
| 700 |
1 |
|
|a Carusso, Natalia,
|e traductor.
|
| 797 |
2 |
|
|a elibro, Corp.
|
| 830 |
|
0 |
|a Itinerarios.
|
| 856 |
4 |
0 |
|u https://elibro.uam.elogim.com/ereader/bidiuam/213622
|z Texto completo
|